LIBRARY ONLINE CATALOGUE

Praxial Music (Record no. 18650)

MARC details
000 -LEADER
fixed length control field 00390nam a22001337a 4500
008 - FIXED-LENGTH DATA ELEMENTS--GENERAL INFORMATION
fixed length control field 201204b xxu||||| |||| 00| 0 eng d
020 ## - INTERNATIONAL STANDARD BOOK NUMBER
International Standard Book Number 0195138341
050 ## - LIBRARY OF CONGRESS CALL NUMBER
Classification number MT1
Item number .P73 2005 c.1
245 ## - TITLE STATEMENT
Title Praxial Music
Remainder of title reflections and dialogues
Statement of responsibility, etc. Edited by David J. Elliott
260 ## - PUBLICATION, DISTRIBUTION, ETC. (IMPRINT)
Place of publication, distribution, etc. New York
Name of publisher, distributor, etc. OUP
Date of publication, distribution, etc. 2005
300 ## - PHYSICAL DESCRIPTION
Extent xv, 336p.
650 ## - SUBJECT ADDED ENTRY--TOPICAL TERM
Topical term or geographic name as entry element Music
Form subdivision instruction and study
942 ## - ADDED ENTRY ELEMENTS (KOHA)
Source of classification or shelving scheme Library of Congress Classification
Koha item type General Collection
Holdings
Withdrawn status Lost status Source of classification or shelving scheme Not for loan Home library Current library Date acquired Cost, normal purchase price Total Checkouts Full call number Barcode Date last seen Price effective from Koha item type
    Library of Congress Classification   Kabarak, Main Campus Kabarak, Main Campus 04/12/2020 9978.00   MT1 .P73 2005 c.1 029418 04/12/2020 04/12/2020 General Collection